Summa de l'art d'aritmètica / Francesc Santcliment ; introducció, transcripció i notes a cura d'Antoni Malet
Descripción Física:
375 p. ; 19 cm
Colección:
Textos d'història de la ciència ; 1
Otros Autores:
Malet Tomàs, Antoni
Materias:
Matemàtica -- Història
MARC
| LEADER | 00000nam a2200000Ia 4500 | ||
|---|---|---|---|
| 001 | 12154 | ||
| 008 | 160829s1998 xx 000 0 cat d | ||
| 080 | |a C-1-529 | ||
| 100 | |a Santcliment, Francesc |9 26090 | ||
| 245 | |a Summa de l'art d'aritmètica / Francesc Santcliment ; introducció, transcripció i notes a cura d'Antoni Malet | ||
| 260 | |a Vic : |b Eumo, |c 1998 | ||
| 300 | |a 375 p. ; |c 19 cm | ||
| 490 | |a Textos d'història de la ciència ; 1 | ||
| 590 | |a Facsímil de: Barcelona : Pere Posa, 1482 . | ||
| 590 | |a Text en 2 columnes: una l'original del facsímil, l'altra la transcripció actual | ||
| 650 | |a Matemàtica |x Història |9 26091 | ||
| 700 | |a Malet Tomàs, Antoni |9 26092 | ||
| 901 | |a Arxiu | ||
| 942 | |n 1 | ||
| 952 | |0 0 |1 0 |4 0 |6 C1529 |7 1 |9 43878 |a Arxiu |b Arxiu |d 2016-12-01 |l 0 |o C-1-529 |p 12154 |r 2016-12-01 00:00:00 |w 2016-12-01 |y ARXIU | ||
| 999 | |c 46458 |d 46458 | ||